000 01117cam a22003134a 4500
001 12643795
003 OSt
005 20140310184504.0
008 020114s2003 maua c b 000 0 eng
010 _a 2002000478
020 _a0439657199
040 _aDLC
_cDLC
_dDLC
042 _apcc
_alcac
050 0 0 _aQL 568.F7
_b.M53 2004
100 1 _aMicucci, Charles.
_925861
245 1 4 _aThe life and times of the ant /
_cCharles Micucci.
260 _aNew York, NY :
_bScholastic Inc.,
_cc2004.
300 _a32 p. :
_bcol. ill. ;
_c24 cm.
521 _aG8
526 _c960
650 0 _aAnts
_vJuvenile literature.
_928849
650 1 _aAnts.
_924628
856 4 2 _3Publisher description
_uhttp://www.loc.gov/catdir/description/hm031/2002000478.html
856 4 2 _3Contributor biographical information
_uhttp://www.loc.gov/catdir/enhancements/fy0736/2002000478-b.html
906 _a7
_bcbc
_corignew
_d1
_eecip
_f20
_gy-gencatlg
942 _2lcc
_cBK-SCHOLAS
999 _c34797
_d34797